000 00547cam a22002051 4500
001 sa 68011921
003 DLC
005 20260227112605.0
008 890514s1967 io 000 0 dut
010 _asa 68011921
035 _a(OCoLC)23396918
040 _aDLC
_cMiU
_dDLC
042 _apremarc
050 0 0 _aBP183.645
_b.N3
100 1 _aNatsir, M. ,
_d1908-1993.
245 1 0 _aIlmu, kekuasaan dan harta adalah amanat Allah,
260 _aDjakarta,
_bBulan Bintang,
_c1967.
300 _a24 p.
_c21 cm.
650 0 _aʻĪd al-Fiṭr sermons
999 _c84187
_d84187